000 00557nam a2200229Ia 4500
003 OSt
005 20220928102703.0
006 a|||||r|||| 00| 0
007 ta
008 220927b |||||||| |||| 00| 0 eng d
024 _a36661
037 _cTextual
040 _aSDCL
_cSDCL
_beng
041 _2eng
_aeng
082 _aU8.5.N56, K6
100 _aYashpal
245 0 _aRahe biti.
260 _aLuknow
_bViplav Karyalye
_c1966
300 _a175p.
_ccm.
942 _hU8.5.N56, K6
_cTEXL
_2CC
999 _c715774
_d715774